Gestão da sustentabilidade na era do conhecimento / (Record no. 1111)

MARC details
000 -LÍDER
Campo Fixo de Controle 00866nam a2200253 a 4500
001 - NÚMERO DE CONTROLE
Campo de Controle 1111
003 - IDENTIFICAÇÃO DO NÚMERO DE CONTROLE
Campo de Controle BR-CuiBMT
005 - DATA E HORA DA ÚLTIMA ATUALIZAÇÃO
Campo de Controle 20231128202913.0
008 - DADOS FIXOS
Dados Fixos 230914s2008 scba 000 0 por d
020 ## - INTERNATIONAL STANDARD BOOK NUMBER
Nº do ISBN 9788575022245
040 ## - AGÊNCIA CATALOGADORA
Código da Agência Catalogadora BR-CuiBMT
Agência que transcreveu o registro BR-CuiBMT
080 ## - Nº DA CLASSIFICAÇÃO DECIMAL UNIVERSAL
Nº Class. CDU 658:502.131.1
Nº edição CDU 2007
090 ## - NÚMERO DE CHAMADA
Nº classificação 658:502.131.1
Cutter G393
245 10 - TÍTULO PRINCIPAL
Título principal Gestão da sustentabilidade na era do conhecimento /
Indicação de responsabilidade Francisco Antonio Pereira Fialho ... [et al.].
260 ## - PUBLICAÇÃO, DISTRIBUIÇÃO, ETC.
Local de publicação Florianópolis :
Editora Visual Books,
Data 2008.
300 ## - DESCRIÇÃO FÍSICA
N. páginas ou volumes 160 p. :
Ilustrações il. ;
Dimensões 23 cm
504 ## - NOTA DE BIBLIOGRAFIA, ETC.
Nota de bibliografia Inclui bibliografia.
650 ## - ASSUNTO TÓPICO
Cabeçalho tópico ou nome geográfico Gestão do conhecimento
650 ## - ASSUNTO TÓPICO
Cabeçalho tópico ou nome geográfico Desenvolvimento sustentável
650 ## - ASSUNTO TÓPICO
Cabeçalho tópico ou nome geográfico Desenvolvimento econômico
Subdivisão geral Aspectos ambientais
Subdivisão geográfica Brasil
650 ## - ASSUNTO TÓPICO
Cabeçalho tópico ou nome geográfico Ambientalismo
Subdivisão geral História
Subdivisão geográfica Brasil
700 ## - ENTRADA SECUNDÁRIA -- NOME PESSOAL
Nome pessoal Fialho, Francisco Antonio Pereira,
Datas associadas ao nome 1951-
Termo de relação et al.
Cód. do termo explicativo autores
942 ## - ELEMENTOS DE ENTRADA ADICIONAIS (KOHA)
Fonte de classificação ou esquema de arquivamento Classificação Decimal Universal
Tipo de item do Koha Livros
Holdings
Estado: removido Estado: perdido Fonte de classificação ou esquema de arquivamento Estado: danificado Indisponível para empréstimo Localização permanente Localização atual Data de aquisição Total Checkouts Número de Chamada completo Código de barras Date last seen Número do exemplar Preço efetivo a partir de Tipo de item (Koha)
    Classificação Decimal Universal     Biblioteca da Escola Superior de Contas do TCE/MT Biblioteca da Escola Superior de Contas do TCE/MT 02/04/2013   658:502.131.1 G393 BIBTCEMT23111277 28/11/2023 Ex. 1 28/11/2023 Livros

Powered by Koha